header

The order has been carried out (Record no. 187887)

MARC details
000 -LEADER
fixed length control field 01435nam a2200349Ia 4500
082 04 - DEWEY DECIMAL CLASSIFICATION NUMBER
Classification number 940.53/45632
100 1# - MAIN ENTRY--AUTHOR NAME
Personal name Portelli, Alessandro.
245 14 - TITLE STATEMENT
Title The order has been carried out
250 ## - EDITION STATEMENT
Edition statement 1st Palgrave Macmillan ed.
260 ## - PUBLICATION, DISTRIBUTION, ETC. (IMPRINT)
Place of publication New York :
Name of publisher Palgrave Macmillan,
Year of publication 2003.
300 ## - PHYSICAL DESCRIPTION
Number of Pages 329 p. :
Other physical details ill., maps.
650 #0 - SUBJECT ADDED ENTRY--TOPICAL TERM
Topical Term Ardeatine Caves Massacre, Rome, Italy, 1944.
Topical Term World War, 1939-1945
Topical Term World War, 1939-1945
856 40 - ELECTRONIC LOCATION AND ACCESS
Uniform Resource Identifier http://site.ebrary.com/lib/rucke/Doc?id=10135510

No items available.

© 2026 Rongo University
Contact us: librarian | system librarian | Rongo university